|
|
|
|
| LEADER |
00000nam0a2200000 4500 |
| 001 |
257284 |
| 005 |
20231101233205.0 |
| 020 |
|
|
|a RU
|b 88-4686
|
| 035 |
|
|
|a (RuTPU)RU\TPU\book\280074
|
| 090 |
|
|
|a 257284
|
| 100 |
|
|
|a 20140415d1987 k y0rusy5003 ca
|
| 101 |
0 |
|
|a rus
|
| 102 |
|
|
|a RU
|
| 105 |
|
|
|a y z 000zy
|
| 200 |
1 |
|
|a Границы искусства. Социальная сущность художественного творчества
|f А. Ф. Еремеев
|
| 210 |
|
|
|a Москва
|c Искусство
|d 1987
|
| 215 |
|
|
|a 317,[2] с.
|
| 606 |
1 |
|
|a Художественное творчество
|x Эстетика
|2 stltpush
|3 (RuTPU)RU\TPU\subj\17684
|9 43258
|
| 606 |
1 |
|
|a Художественное творчество
|2 stltpush
|3 (RuTPU)RU\TPU\subj\64402
|9 81300
|
| 610 |
1 |
|
|a искусство
|
| 610 |
1 |
|
|a социальные проблемы
|
| 610 |
1 |
|
|a таланты
|
| 610 |
1 |
|
|a художники
|
| 610 |
1 |
|
|a форма
|
| 610 |
1 |
|
|a содержание
|
| 610 |
1 |
|
|a искусствоведение
|
| 675 |
|
|
|a 7.072
|v 3
|
| 686 |
|
|
|a Ю80
|2 rubbk
|
| 700 |
|
1 |
|a Еремеев
|b А. Ф.
|g Аркадий Федорович
|4 070
|
| 801 |
|
0 |
|a RU
|b RuMRKP
|c 19950417
|g psbo
|
| 801 |
|
1 |
|a RU
|b 63413507
|c 20140415
|
| 801 |
|
2 |
|a RU
|b 63413507
|c 20141124
|g RCR
|
| 942 |
|
|
|c BK
|